000 00323nam a2200133 i 4500
001 bg
100 1 _aMATRAS, Zbigniew
245 0 _aPrzepływ cieczy Tomsa w przewodach kołowych /
_cZ. Matras.
260 _aKraków,
_c1984.
040 _cBPK
041 _apol
942 _cKS
008 s pl f |000 0 pol
999 _c23312
_d23312
856 _uhttp://koha.tu.koszalin.pl/cgi-bin/koha/opac-detail.pl?biblionumber=23312
_yKatalog online BPK